000 00930nam a2200265Ia 4500
003 OSt
005 20220918110951.0
006 a|||||r|||| 00| 0
007 ta
008 220915b |||||||| |||| 00| 0 hin d
020 _a8170553334 (hbk)
_c275
024 _a255996
037 _b471, 23/02/2010, Vani Prakashan
_cReference Collections
040 _aARTS
_cARTS
_bhin
041 _2hin
_ahin
082 _aO152,3N295x, M5;P3.1(RR)
100 _aशिवप्रसाद सिंह
245 0 _aअन्धकूप
246 _aAndhakūpa
260 _aनई दिल्ली
_bवाणी प्रकाशन भारत
_c2003
300 _a282पृ0
650 _aहिन्दी साहित्य
942 _hO152,3N295x, M5;P3.1(RR)
_cREF
999 _c116074
_d116074